Modelos macroeconómicos (Record no. 138558)

MARC details
000 -LEADER
campo de control de longitud fija 00627nam a2200205 4500
001 - NÚMERO DE CONTROL
campo de control 138558
003 - IDENTIFICADOR DE NÚMERO DE CONTROL
campo de control ES-MaACL
005 - FECHA Y HORA DE LA ÚLTIMA TRANSACCIÓN
campo de control 20230906195604.0
007 - CAMPO FIJO DE DESCRIPCIÓN FÍSICA--INFORMACIÓN GENERAL
campo de control de longitud fija t|
008 - DATOS DE LONGITUD FIJA--INFORMACIÓN GENERAL
campo de control de longitud fija 070214s1986 sp r ||||1| spa d
100 1# - ENTRADA PRINCIPAL--NOMBRE DE PERSONA
Nombre de persona Santacoloma Sanz, Juan Francisco.
9 (RLIN) 103255
245 10 - MENCIÓN DEL TÍTULO
Título Modelos macroeconómicos
Resto del título : ejercicios resueltos /
Mención de responsabilidad, etc. Juan Francisco Santacoloma Sanz.
260 ## - PUBLICACIÓN, DISTRIBUCIÓN, ETC.
Lugar de publicación, distribución, etc. Deusto :
Nombre del editor, distribuidor, etc. Universidad,
Fecha de publicación, distribución, etc. 1986.
300 ## - DESCRIPCIÓN FÍSICA
Extensión 209 p. ;
Dimensiones 23 cm.
490 1# - MENCIÓN DE SERIE
Mención de serie Economía ;
Designación de volumen o secuencia 12
710 2# - ENTRADA AGREGADA--NOMBRE DE ENTIDAD CORPORATIVA
Nombre de entidad corporativa o nombre de jurisdicción como elemento de entrada Universidad de Deusto.
9 (RLIN) 7172
830 0# - PUNTO DE ACCESO ADICIONAL DE SERIE-TÍTULO UNIFORME
Título uniforme Economía ;
Designación de volumen o secuencia 12
9 (RLIN) 177792
852 ## - LOCALIZACIÓN
Ubicación ES-MaACL
Número de control de estantería L-10485
Sublocalización o colección R.111961
Holdings
Estatus retirado Estado de pérdida Estado de daño No para préstamo Biblioteca de origen Biblioteca actual Ubicación en estantería Fecha de adquisición Fuente de adquisición Total de préstamos Signatura topográfica completa Código de barras Visto por última vez Precio de reemplazo Tipo de ítem Koha
        Biblioteca del Ateneo de Madrid Biblioteca del Ateneo de Madrid Depósito 2 17/01/2008     L-10485 1144178 23/02/2023 23/02/2023 Libro impreso